La economía política del crecimiento

Salvato in:
Dettagli Bibliografici
Autore principale: Baran, Paul A (Autore)
Natura: Libro
Lingua:spagnolo
Pubblicazione: Ciudad de México Fondo de Cultura Económica 1967
Edizione:4a. ed
Serie:Sección de Obras de Economía
Soggetti:
Tags: Aggiungi Tag
Nessun Tag, puoi essere il primo ad aggiungerne!!

MARC

LEADER 00000nam a2200000 a 4500
001 UCX6173
003 CL-VaPUC
008 930428e19670000MX |||||||||||||||||spa|d
082 0 4 |a 338.09  |b BAR  |2 21 
100 0 |a Baran, Paul A  |e author  |9 322594 
245 1 3 |a La economía política del crecimiento 
250 |a 4a. ed 
300 |a 347 p 
942 |c BK 
945 |d 19930428 00:00:00 
260 |a Ciudad de México  |b Fondo de Cultura Económica  |c 1967 
650 0 |a Desarrollo económico  |9 259599 
583 |a last modification  |c 19930428 00:00:00  |k Rodrigo Vera 
490 0 |a Sección de Obras de Economía 
999 |c 226245  |d 226243 
952 |0 0  |1 0  |4 0  |6 338_090000000000000_BAR_1967  |7 0  |8 A  |9 224470  |a BIBHIS  |b BIBHIS  |d 2019-11-15  |i 2932288  |o 338.09 BAR 1967  |p 2932288  |r 2025-01-20  |w 2019-11-15  |y BK  |k HIS 
952 |0 0  |1 0  |4 0  |6 338_090000000000000_BAR_1967  |7 0  |8 A  |9 224471  |a BIBENE  |b BIBENE  |d 2019-11-15  |i 1984721  |o 338.09 BAR 1967  |p 1984721  |r 2025-01-15  |w 2019-11-15  |y BK  |k ICO 
952 |0 0  |1 0  |4 0  |6 338_090000000000000_BAR_1967  |7 0  |8 A  |9 224472  |a BIBENE  |b BIBENE  |d 2019-11-15  |i 1998188  |o 338.09 BAR 1967  |p 1998188  |r 2025-01-15  |w 2019-11-15  |y BK  |k ICO